Transitional Justice in Colombia (Record no. 19067)
[ view plain ]
| 000 -LEADER | |
|---|---|
| fixed length control field | 00562nam a2200133Ia 4500 |
| 008 - FIXED-LENGTH DATA ELEMENTS--GENERAL INFORMATION | |
| fixed length control field | 220615s9999||||xx |||||||||||||| ||und|| |
| 020 ## - INTERNATIONAL STANDARD BOOK NUMBER | |
| International Standard Book Number | 978-3-7489-2353-4 |
| 245 #0 - TITLE STATEMENT | |
| Title | Transitional Justice in Colombia |
| Remainder of title | The Special Jurisdiction for Peace |
| 546 ## - LANGUAGE NOTE | |
| Language note | English[eng] |
| 650 ## - SUBJECT ADDED ENTRY--TOPICAL TERM | |
| Topical term or geographic name entry element | Aufarbeitung, Frieden, Kolumbien, Lateinamerika, Latin America, Sondergerichtsbarkeit, Truth Commission, courts of justice of peace, Übergangsjustiz, Strafrecht |
| 700 ## - ADDED ENTRY--PERSONAL NAME | |
| Personal name | Ambos, Kai||Peters, Stefan |
| 856 ## - ELECTRONIC LOCATION AND ACCESS | |
| Uniform Resource Identifier | <a href="doi.org/10.5771/9783748923534">doi.org/10.5771/9783748923534</a> |
| 942 ## - ADDED ENTRY ELEMENTS (KOHA) | |
| Koha item type | E-Books |
| Withdrawn status | Lost status | Damaged status | Not for loan | Home library | Current library | Date acquired | Total Checkouts | Date last seen | Price effective from | Koha item type |
|---|---|---|---|---|---|---|---|---|---|---|
| Kerala University of Digital Sciences, Innovation and Technology Knowledge Centre | Kerala University of Digital Sciences, Innovation and Technology Knowledge Centre | 15/06/2022 | 15/06/2022 | 15/06/2022 | E-Books |